Management of information security (Record no. 198402)

MARC details
000 -LEADER
fixed length control field 00465nam a2200169Ia 4500
005 - DATE AND TIME OF LATEST TRANSACTION
control field 20241223114609.0
008 - FIXED-LENGTH DATA ELEMENTS--GENERAL INFORMATION
fixed length control field 231217s9999 xx 000 0 und d
020 ## - INTERNATIONAL STANDARD BOOK NUMBER
International Standard Book Number 9788131531815
082 ## - DEWEY DECIMAL CLASSIFICATION NUMBER
Classification number 658.478 WHI;1 R
100 ## - MAIN ENTRY--PERSONAL NAME
Personal name Whitman, Michael E. Mattord, Herbert J.
245 #0 - TITLE STATEMENT
Title Management of information security
250 ## - EDITION STATEMENT
Edition statement 4th ed
260 ## - PUBLICATION, DISTRIBUTION, ETC. (IMPRINT)
Date of publication, distribution, etc. 2014
Name of publisher, distributor, etc. Cengage Learning
Place of publication, distribution, etc. Andover
300 ## - PHYSICAL DESCRIPTION
Extent xxv, 566
650 ## - SUBJECT ADDED ENTRY--TOPICAL TERM
Topical term or geographic name as entry element Management,information
942 ## - ADDED ENTRY ELEMENTS (KOHA)
Koha item type Books
Holdings
Date last seen Total Checkouts Full call number Accession number Old discount Price effective from Category Lost status Damaged status Department Withdrawn status Permanent Location Current Location Shelving location Entry date Grants Currency symbol Conversion rate Discount Discount type
26/01/2024   658.478 WHI;1 R 91959   26/01/2024 Books     CS   Central Library Central Library CS 27/02/2018 DONATED RS 1   Rupees
26/01/2024   658.478 WHI;2 R1 91960   26/01/2024 Books     CS   Central Library Central Library CS 27/02/2018 DONATED RS 1   Rupees

© For any Suggestions or Query, please contact the library staff @ librarian@pes.edu or Phone: +9180 2672 1983/ 2108.